[Event "Junior Online 4NCL Division 1"]
[Site "online"]
[Date "2021.03.18"]
[EventDate "2021.03.18"]
[Round "5.126"]
[White "Ajili, Nour"]
[WhiteElo "1608"]
[WhiteTeam "KJCA Young Kestrels C"]
[Black "Yedid, Lior"]
[BlackElo "1533"]
[BlackTeam "Edgware Gambits A"]
[Result "1-0"]
[PlyCount "119"]

1. e4 c5 2. Nf3 Nc6 3. d4 cxd4 4. Nxd4 Nf6 5. Nc3 e5 6. Nf3 Bb4 7. Bg5 h6 8. Bxf6 Qxf6 9. Bc4 O-O 10. O-O d6 11. h3 Qg6 12. Kh2 Na5 13. Bb5 a6 14. Ba4 b5 15. Bb3 Bxc3 16. bxc3 Be6 17. Qxd6 Bxb3 18. Qxg6 fxg6 19. cxb3 Nc6 20. Rfd1 Rad8 21. Rd5 Kh7 22. Rad1 Rc8 23. Kg3 g5 24. Rc1 Rce8 25. c4 Nb4 26. Rxe5 Nxa2 27. Ra1 Nb4 28. cxb5 axb5 29. Rxb5 Rxe4 30. Ra4 Rff4 31. Nd2 Rd4 32. Nc4 Nd3 33. Nb6 Rxa4 34. bxa4 Rxf2 35. Rd5 Nf4 36. Kxf2 Nxd5 37. Nxd5 Kg6 38. a5 Kf7 39. a6 Ke6 40. a7 Kxd5 41. a8=Q+ Ke6 42. Qf8 g6 43. Qxh6 Kf5 44. Qf8+ Ke6 45. Qg7 Kf5 46. Qf7+ Ke5 47. Qxg6 Kf4 48. Qf6+ Ke4 49. Qxg5 Kd3 50. Qe3+ Kc2 51. Qd4 Kc1 52. Qd3 Kb2 53. Qc4 Ka1 54. Qe2 Kb1 55. Qd2 Ka1 56. Ke3 Kb1 57. Kd3 Ka1 58. Kc3 Kb1 59. Kb3 Ka1 60. Qd1# {[W: 0:04:15; B: 0:07:24]} 1-0

[Event "Junior Online 4NCL Division 1"]
[Site "online"]
[Date "2021.03.18"]
[EventDate "2021.03.18"]
[Round "5.127"]
[White "Anand, Dhriti"]
[WhiteElo "1505"]
[WhiteTeam "Edgware Gambits A"]
[Black "Pasari, Rohan"]
[BlackElo "1615"]
[BlackTeam "KJCA Young Kestrels C"]
[Result "0-1"]
[PlyCount "54"]

1. b3 e5 2. Bb2 d6 3. e3 Nc6 4. Bb5 a6 5. Bxc6+ bxc6 6. d4 exd4 7. Bxd4 c5 8. Bb2 Bf5 9. Nf3 Nf6 10. Nbd2 Be7 11. h3 O-O 12. O-O h6 13. Re1 Ne4 14. Nxe4 Bxe4 15. Nd2 Bc6 16. f3 Bh4 17. Re2 Bb5 18. c4 Bc6 19. Qc2 Qg5 20. Rf1 Rfe8 21. f4 Qg3 22. e4 f5 23. e5 dxe5 24. Qxf5 exf4 25. Rxe8+ Rxe8 26. Nf3 Bxf3 27. Qc2 Re2 {Time forfeit} {[W: 0:00:20; B: 0:07:06]} 0-1

[Event "Junior Online 4NCL Division 1"]
[Site "online"]
[Date "2021.03.18"]
[EventDate "2021.03.18"]
[Round "5.128"]
[White "Sagar, Aneesh"]
[WhiteElo "1523"]
[WhiteTeam "KJCA Young Kestrels C"]
[Black "Salussolia, Louis"]
[BlackElo "1312"]
[BlackTeam "Edgware Gambits A"]
[Result "1-0"]
[PlyCount "143"]

1. e4 e6 2. Nf3 d5 3. e5 c5 4. c3 Nc6 5. d4 Qb6 6. Bd3 cxd4 7. cxd4 Bd7 8. Bc2 Nb4 9. Nc3 Nxc2+ 10. Qxc2 Qa6 11. Be3 Bb4 12. Qe2 Qa5 13. Qd3 Bb5 14. Qd2 Rc8 15. Rc1 Ne7 16. a3 Bxc3 17. Rxc3 Rxc3 18. Qxc3 Qxc3+ 19. bxc3 Nc6 20. Kd2 Na5 21. Kc2 Nc4 22. Nd2 Nxa3+ 23. Kb3 Nc4 24. Nxc4 Bxc4+ 25. Kb4 O-O 26. Ra1 a6 27. Ra5 Rc8 28. Rc5 Rxc5 29. Kxc5 b5 30. Kb6 Kf8 31. Bc1 Ke8 32. Bb2 Kd7 33. Kxa6 b4+ 34. Ka5 bxc3 35. Bxc3 Kc6 36. Kb4 Kb6 37. f4 h6 38. Bb2 Bf1 39. g3 g5 40. fxg5 hxg5 41. Bc1 g4 42. Bf4 Bg2 43. Kc3 Be4 44. Kd2 Bg6 45. Be3 Kb5 46. Bf2 Kc4 47. Ke3 Kc3 48. Kf4 Bf5 49. Ke3 Kc2 50. Ke2 Kc3 51. Be3 Kc2 52. Bd2 Bd3+ 53. Ke3 Bf5 54. Bb4 Kd1 55. Ba5 Kc2 56. Ke2 Bd3+ 57. Ke3 Kd1 58. Kxd3 Kc1 59. Ke3 Kc2 60. Bb6 Kc3 61. Bc5 Kc4 62. Kf4 Kd3 63. Kxg4 Ke4 64. h4 Ke3 65. h5 Kf2 66. h6 Ke3 67. h7 Ke4 68. h8=Q f6 69. Qxf6 Kd3 70. Qf4 Ke2 71. Qf3+ Kd2 72. Kf4 {[W: 0:11:25; B: 0:10:25]} 1-0

[Event "Junior Online 4NCL Division 1"]
[Site "online"]
[Date "2021.03.18"]
[EventDate "2021.03.18"]
[Round "5.131"]
[White "Parry, Samuel"]
[WhiteElo "1837"]
[WhiteTeam "Manchester Juniors A"]
[Black "Lacoult, Maxime"]
[BlackElo "1600"]
[BlackTeam "Warwickshire Bears B"]
[Result "0-1"]
[PlyCount "26"]

1. d4 f6 2. e4 e5 3. Nf3 d6 4. Bc4 Ne7 5. dxe5 fxe5 6. Ng5 d5 7. exd5 h6 8. Bb5+ c6 9. Qh5+ g6 10. dxc6 Qa5+ 11. Nc3 gxh5 12. cxb7+ Qxb5 13. bxc8=Q+ Nxc8 {[W: 0:06:51; B: 0:03:48]} 0-1

[Event "Junior Online 4NCL Division 1"]
[Site "online"]
[Date "2021.03.18"]
[EventDate "2021.03.18"]
[Round "5.132"]
[White "Fellowes, Billy"]
[WhiteElo "1598"]
[WhiteTeam "Warwickshire Bears B"]
[Black "Jackson, Edward"]
[BlackElo "1844"]
[BlackTeam "Manchester Juniors A"]
[Result "0-1"]
[PlyCount "118"]

1. d4 Nf6 2. Bf4 d5 3. Nf3 c5 4. c3 Nc6 5. e3 e6 6. Bb5 Bd6 7. Bxd6 Qxd6 8. Bxc6+ Qxc6 9. Ne5 Qc7 10. Nd2 b6 11. Qa4+ Bd7 12. Qa3 O-O 13. O-O Bc8 14. Nb3 c4 15. Nd2 b5 16. h3 a5 17. b3 Rb8 18. bxc4 bxc4 19. Rab1 Ba6 20. Qa4 Ne8 21. Rxb8 Qxb8 22. Qxa5 Qb5 23. Qxb5 Bxb5 24. Rb1 Nd6 25. Rb4 Ra8 26. Rb2 f6 27. Nef3 Be8 28. Nh2 Bg6 29. Nhf1 Ra3 30. Rb6 Ne8 31. Rxe6 Rxc3 32. Rc6 Ra3 33. e4 Bxe4 34. Nxe4 dxe4 35. Rxc4 Rxa2 36. Ng3 Ra1+ 37. Kh2 Re1 38. d5 Nd6 39. Rc6 Ne8 40. Re6 Nc7 41. Rd6 Kf8 42. Rd7 Ne8 43. d6 e3 44. fxe3 Rxe3 45. Nf5 Rd3 46. Rd8 Kf7 47. d7 Nc7 48. Kg1 Ne6 49. Rh8 Rxd7 50. Rxh7 Kg6 51. Rh4 Kxf5 52. g4+ Kf4 53. Rh8 Kf3 54. Re8 Nf4 55. Re1 Rd3 56. Kh2 Rd2+ 57. Kh1 Nxh3 58. Rf1+ Kg3 59. g5 Rh2# {[W: 0:08:21; B: 0:00:23]} 0-1

[Event "Junior Online 4NCL Division 1"]
[Site "online"]
[Date "2021.03.18"]
[EventDate "2021.03.18"]
[Round "5.133"]
[White "Gardiner, Ethan"]
[WhiteElo "1781"]
[WhiteTeam "Manchester Juniors A"]
[Black "Monga, Kanav"]
[BlackElo "1670"]
[BlackTeam "Warwickshire Bears B"]
[Result "1-0"]
[PlyCount "63"]

1. e4 c5 2. Nc3 d6 3. g3 Nf6 4. Bg2 a6 5. a4 g6 6. d3 Bg7 7. Be3 Bd7 8. Qc1 Ng4 9. Bd2 Bd4 10. Nd1 Qb6 11. c3 Bg7 12. h3 Ne5 13. Qc2 Be6 14. Ra3 c4 15. Bf1 cxd3 16. Bxd3 Nbc6 17. f4 Nxd3+ 18. Qxd3 Rc8 19. Be3 Qd8 20. Ne2 Na5 21. O-O Nc4 22. Ra1 Bxh3 23. Re1 Bg4 24. Bd4 Bxd4+ 25. Qxd4 O-O 26. Kf2 Qa5 27. b3 Nb6 28. b4 Rc4 29. bxa5 Rxd4 30. cxd4 Rc8 31. Ne3 Bd7 32. axb6 {[W: 0:00:44; B: 0:00:30]} 1-0

[Event "Junior Online 4NCL Division 1"]
[Site "online"]
[Date "2021.03.18"]
[EventDate "2021.03.18"]
[Round "5.134"]
[White "Vaidyanathan, Adithya"]
[WhiteElo "1516"]
[WhiteTeam "Warwickshire Bears B"]
[Black "Pelling, Kyle"]
[BlackElo "1765"]
[BlackTeam "Manchester Juniors A"]
[Result "0-1"]
[PlyCount "74"]

1. Nf3 Nf6 2. d4 d5 3. Bf4 c5 4. c3 Bf5 5. e3 Nc6 6. Bb5 a6 7. Bxc6+ bxc6 8. Ne5 Qb6 9. Qb3 Qxb3 10. axb3 Bxb1 11. Rxb1 cxd4 12. Nxc6 dxe3 13. Bxe3 e6 14. O-O Rc8 15. Ne5 Bd6 16. f4 O-O 17. b4 Ne4 18. Rfd1 Rfd8 19. Bb6 Bc7 20. Nc6 Bxb6+ 21. Nd4 f6 22. Kf1 Kf7 23. f5 Bxd4 24. fxe6+ Kxe6 25. Rxd4 Rc4 26. Rxc4 dxc4 27. Re1 f5 28. g4 g6 29. gxf5+ gxf5 30. Ra1 Rd6 31. Kg2 Nd2 32. Re1+ Kf6 33. Rd1 Rd3 34. Ra1 Rd6 35. Rd1 Ne4 36. Rb1 Kg5 37. Kf3 Nd2+ {[W: 0:08:26; B: 0:02:24]} 0-1

[Event "Junior Online 4NCL Division 1"]
[Site "online"]
[Date "2021.03.18"]
[EventDate "2021.03.18"]
[Round "5.135"]
[White "Lacoult, Maxime"]
[WhiteElo "1600"]
[WhiteTeam "Warwickshire Bears B"]
[Black "Parry, Samuel"]
[BlackElo "1837"]
[BlackTeam "Manchester Juniors A"]
[Result "0-1"]
[PlyCount "70"]

1. b3 Nf6 2. Bb2 g6 3. Bxf6 exf6 4. c4 Bg7 5. Nc3 f5 6. Rc1 O-O 7. g3 d6 8. Bg2 Nd7 9. e3 Nf6 10. Nge2 c6 11. d4 Re8 12. O-O Ne4 13. d5 c5 14. Nb1 a6 15. Nd2 b5 16. Qc2 Nxd2 17. Qxd2 b4 18. Nf4 a5 19. Rce1 Bc3 20. Qd3 Bxe1 21. Rxe1 Qf6 22. Qc2 Bd7 23. e4 fxe4 24. Rxe4 Qa1+ 25. Bf1 Rxe4 26. Qxe4 Re8 27. Qg2 Qxa2 28. Qf3 a4 29. bxa4 b3 30. Qc3 b2 31. Bd3 b1=Q+ 32. Bxb1 Qxb1+ 33. Kg2 Qe4+ 34. f3 Qe1 35. Qa3 Qd2+ {[W: 0:03:54; B: 0:06:21]} 0-1

[Event "Junior Online 4NCL Division 1"]
[Site "online"]
[Date "2021.03.18"]
[EventDate "2021.03.18"]
[Round "5.136"]
[White "Jackson, Edward"]
[WhiteElo "1844"]
[WhiteTeam "Manchester Juniors A"]
[Black "Fellowes, Billy"]
[BlackElo "1598"]
[BlackTeam "Warwickshire Bears B"]
[Result "1-0"]
[PlyCount "55"]

1. e4 Nc6 2. d4 d5 3. exd5 Qxd5 4. Nf3 e5 5. dxe5 Qxd1+ 6. Kxd1 Bg4 7. Be2 O-O-O+ 8. Ke1 Bb4+ 9. c3 Ba5 10. Be3 Kb8 11. Nbd2 Nge7 12. h3 Bxf3 13. Nxf3 Ng6 14. e6 f6 15. Nd4 Nxd4 16. Bxd4 Rxd4 17. b4 Bxb4 18. cxb4 Rxb4 19. g3 Re8 20. Bg4 Ne5 21. Kf1 Nxg4 22. hxg4 h6 23. Rd1 a6 24. Rd7 Rxg4 25. f3 Rxg3 26. Kf2 Rg5 27. e7 Kc8 28. Rhd1 {[W: 0:05:59; B: 0:10:06]} 1-0

[Event "Junior Online 4NCL Division 1"]
[Site "online"]
[Date "2021.03.18"]
[EventDate "2021.03.18"]
[Round "5.137"]
[White "Monga, Kanav"]
[WhiteElo "1670"]
[WhiteTeam "Warwickshire Bears B"]
[Black "Gardiner, Ethan"]
[BlackElo "1781"]
[BlackTeam "Manchester Juniors A"]
[Result "0-1"]
[PlyCount "116"]

1. d4 Nf6 2. Nc3 e6 3. Bg5 Be7 4. e4 d5 5. f3 c5 6. dxc5 Nc6 7. Bxf6 Bxf6 8. Bb5 Qa5 9. Bxc6+ bxc6 10. Ne2 Qxc5 11. Qd2 O-O 12. f4 Ba6 13. e5 Bd8 14. a3 Rb8 15. Nd4 Re8 16. Na4 Qa5 17. Qxa5 Bxa5+ 18. b4 Bb6 19. Nxc6 Rbc8 20. Nxb6 Rxc6 21. Na4 Rxc2 22. Nc5 Bc4 23. Rg1 Re2+ 24. Kd1 Rf2 25. Ke1 Rxf4 26. g3 Rf5 27. Rc1 Rxe5+ 28. Kd1 Bb5 29. a4 Be2+ 30. Kd2 Bf3 31. Rgf1 Be4 32. Rfe1 Rh5 33. h4 Bg6 34. Rc3 Rf5 35. g4 Rf2+ 36. Kd1 Rb2 37. Rb3 Bc2+ 38. Kc1 Rxb3 39. Nxb3 Bxb3 40. Kb2 Bxa4 41. Ka3 Bb5 42. Rc1 a6 43. Rc7 h6 44. Kb3 Rd8 45. Kc3 d4+ 46. Kd2 e5 47. Rc5 e4 48. Re5 e3+ 49. Ke1 d3 50. Rxe3 d2+ 51. Kd1 Ba4+ 52. Ke2 d1=Q+ 53. Kf2 Rd2+ 54. Kg3 Qf1 55. g5 Bd7 56. Rf3 Qh3+ 57. Kf4 Qg4+ 58. Ke3 Qd4# {[W: 0:00:19; B: 0:00:43]} 0-1

[Event "Junior Online 4NCL Division 1"]
[Site "online"]
[Date "2021.03.18"]
[EventDate "2021.03.18"]
[Round "5.138"]
[White "Pelling, Kyle"]
[WhiteElo "1765"]
[WhiteTeam "Manchester Juniors A"]
[Black "Vaidyanathan, Adithya"]
[BlackElo "1516"]
[BlackTeam "Warwickshire Bears B"]
[Result "1-0"]
[PlyCount "109"]

1. e4 c5 2. Nc3 Nc6 3. g3 e5 4. Bg2 Be7 5. d3 d6 6. Nd5 f5 7. Ne2 Nf6 8. Nxe7 Qxe7 9. Nc3 O-O 10. O-O f4 11. Nd5 Nxd5 12. exd5 Nb8 13. gxf4 Nd7 14. Re1 Qf6 15. Qe2 exf4 16. Qe6+ Qxe6 17. dxe6 Ne5 18. Bd5 Rf6 19. Kh1 Bxe6 20. Bxe6+ Rxe6 21. Bxf4 Rf8 22. Bxe5 dxe5 23. Re2 Rg6 24. Rg1 Rh6 25. Rg5 Rhf6 26. Kg2 Kf7 27. Rgxe5 Rg6+ 28. Kf1 Kg8 29. Re7 c4 30. Rxb7 cxd3 31. cxd3 Rc8 32. Re1 Rh6 33. Kg2 Rg6+ 34. Kf1 Rh6 35. Rxa7 Rxh2 36. Kg1 Rh6 37. b4 Rg6+ 38. Kf1 Rf8 39. b5 Rh6 40. Re2 Rc8 41. Rb2 Rc1+ 42. Ke2 Re6+ 43. Kd2 Rf1 44. Kc3 Rc1+ 45. Rc2 Rb1 46. a4 Rf1 47. Ra6 Re8 48. b6 Rc8+ 49. Kb2 Rb8 50. a5 Rd1 51. Ra7 Rxd3 52. b7 Rd7 53. Rc8+ Rd8 54. Rxd8+ Rxd8 55. Ra8 {[W: 0:00:36; B: 0:06:40]} 1-0

[Event "Junior Online 4NCL Division 1"]
[Site "online"]
[Date "2021.03.18"]
[EventDate "2021.03.18"]
[Round "5.141"]
[White "Venkata Narayanan, Siddharth"]
[WhiteElo "1702"]
[WhiteTeam "Stroud Cubs"]
[Black "Adriel, Au"]
[BlackElo "1506"]
[BlackTeam "KJCA Young Kestrels D"]
[Result "0-1"]
[PlyCount "96"]

1. d4 d5 2. Bf4 c5 3. Nf3 Nc6 4. c3 Nf6 5. e3 Bf5 6. Bb5 Qb6 7. Bxc6+ bxc6 8. Qb3 c4 9. Qxb6 axb6 10. O-O e6 11. Ne5 Rc8 12. Nd2 Be7 13. b3 cxb3 14. axb3 c5 15. Ra6 cxd4 16. cxd4 b5 17. Rc6 O-O 18. Rfc1 Rxc6 19. Rxc6 Ra8 20. h3 Nh5 21. g4 Nxf4 22. exf4 Bg6 23. Nxg6 hxg6 24. Rb6 b4 25. Nf3 Ra1+ 26. Kg2 Rb1 27. Rb7 Bd6 28. Ng5 Rxb3 29. Rd7 Bf8 30. Nxf7 Rd3 31. Ne5 Rxd4 32. Nxg6 Bc5 33. Rd8+ Kh7 34. f5 exf5 35. Rh8+ Kxg6 36. gxf5+ Kxf5 37. Rh5+ Kf6 38. Kf3 g5 39. Rh6+ Kf5 40. Rc6 Rf4+ 41. Kg3 Bxf2+ 42. Kg2 Bd4 43. Rc1 Bc3 44. Rb1 d4 45. Kg3 d3 46. Rd1 d2 47. Rb1 Re4 48. Rf1+ Ke5 {[W: 0:04:42; B: 0:01:55]} 0-1

[Event "Junior Online 4NCL Division 1"]
[Site "online"]
[Date "2021.03.18"]
[EventDate "2021.03.18"]
[Round "5.142"]
[White "Mann, Lev"]
[WhiteElo "1558"]
[WhiteTeam "KJCA Young Kestrels D"]
[Black "Carey, Alex"]
[BlackElo "1517"]
[BlackTeam "Stroud Cubs"]
[Result "0-1"]
[PlyCount "40"]

1. e4 c5 2. d4 cxd4 3. c3 dxc3 4. Nxc3 e6 5. Bc4 Nc6 6. Nf3 Bb4 7. Bd2 Nf6 8. Qc2 O-O 9. O-O d5 10. exd5 exd5 11. Bd3 Bg4 12. Ng5 h6 13. Nh7 Nxh7 14. Bxh7+ Kh8 15. a3 Ba5 16. Bd3 Rc8 17. b4 Bc7 18. Bf5 Nd4 19. Qa2 Bxf5 20. Nxd5 Be6 {[W: 0:02:09; B: 0:03:52]} 0-1

[Event "Junior Online 4NCL Division 1"]
[Site "online"]
[Date "2021.03.18"]
[EventDate "2021.03.18"]
[Round "5.143"]
[White "Edwards, Jacob"]
[WhiteElo "1420"]
[WhiteTeam "Stroud Cubs"]
[Black "Heard, Tom"]
[BlackElo "1453"]
[BlackTeam "KJCA Young Kestrels D"]
[Result "0-1"]
[PlyCount "118"]

1. d4 d5 2. Bf4 c5 3. c3 Nc6 4. e3 Nf6 5. Bd3 Bg4 6. Nf3 e6 7. h3 Bh5 8. g4 Bg6 9. Qe2 Ne4 10. Nbd2 Be7 11. Ne5 Nxe5 12. Bxe5 f6 13. Bf4 c4 14. Bc2 Qb6 15. Ba4+ Kf7 16. Nxe4 Bxe4 17. Rg1 Bd3 18. Qd2 g5 19. Bg3 h5 20. O-O-O h4 21. Bh2 Ba3 22. Rde1 a5 23. f3 Bd6 24. Bxd6 Qxd6 25. Bc2 Bxc2 26. Qxc2 b5 27. b3 b4 28. Kd2 Qh2+ 29. Kd1 Qxh3 30. Ref1 bxc3 31. Qxc3 Qh2 32. Qc2 Qxc2+ 33. Kxc2 cxb3+ 34. axb3 Rhc8+ 35. Kb2 Rh8 36. f4 Kg6 37. fxg5 fxg5 38. Rf2 Raf8 39. Re2 Rf3 40. e4 Rb8 41. exd5 Rbxb3+ 42. Ka2 Rfe3 43. Rge1 Ra3+ 44. Kb2 Rab3+ 45. Kc1 Rxe2 46. Rxe2 exd5 47. Re5 Rg3 48. Rxd5 Rxg4 49. Rxa5 Rxd4 50. Ra2 Kh5 51. Rh2 Rf4 52. Kd2 g4 53. Ke3 Rf3+ 54. Ke2 h3 55. Ke1 Kh4 56. Ke2 Ra3 57. Rh1 g3 58. Rg1 h2 59. Rh1 Kh3 {[W: 0:06:45; B: 0:01:00]} 0-1

[Event "Junior Online 4NCL Division 1"]
[Site "online"]
[Date "2021.03.18"]
[EventDate "2021.03.18"]
[Round "5.144"]
[White "Shkuratovskyi, Artemiy"]
[WhiteElo "1455"]
[WhiteTeam "KJCA Young Kestrels D"]
[Black "Sarpotdar, Angad"]
[BlackElo "1448"]
[BlackTeam "Stroud Cubs"]
[Result "0-1"]
[PlyCount "61"]

1. e4 e5 2. Nf3 Nc6 3. d4 exd4 4. c3 d3 5. Bxd3 Bc5 6. Bg5 f6 7. Bh4 Nge7 8. O-O O-O 9. Nbd2 d6 10. h3 Ne5 11. Nxe5 dxe5 12. Bc4+ Kh8 13. Nb3 Bb6 14. Qxd8 Rxd8 15. Rad1 Bd7 16. Rd3 Bc6 17. Rxd8+ Rxd8 18. Re1 g5 19. Bg3 h5 20. Kf1 h4 21. Bh2 Kg7 22. Nc1 Rd2 23. Re2 Rd1+ 24. Re1 Rxe1+ 25. Kxe1 Bxe4 26. f3 Bd5 27. Bxd5 Nxd5 28. Nd3 Kf7 29. Kd2 Ne3 30. g3 Nf1+ 31. Ke2 {[W: 0:09:49; B: 0:07:30]} 0-1

[Event "Junior Online 4NCL Division 1"]
[Site "online"]
[Date "2021.03.18"]
[EventDate "2021.03.18"]
[Round "5.145"]
[White "Adriel, Au"]
[WhiteElo "1506"]
[WhiteTeam "KJCA Young Kestrels D"]
[Black "Venkata Narayanan, Siddharth"]
[BlackElo "1702"]
[BlackTeam "Stroud Cubs"]
[Result "1-0"]
[PlyCount "39"]

1. d4 Nf6 2. c4 e6 3. Nf3 Bb4+ 4. Bd2 Bxd2+ 5. Qxd2 O-O 6. Nc3 d5 7. e3 c6 8. Bd3 h6 9. O-O Nbd7 10. b3 Re8 11. Rfe1 e5 12. dxe5 Nxe5 13. Nxe5 Rxe5 14. Rad1 dxc4 15. Bh7+ Kxh7 16. Qxd8 Rg5 17. bxc4 Rxg2+ 18. Kxg2 Bh3+ 19. Kxh3 Rxd8 20. Rxd8 {[W: 0:09:20; B: 0:08:05]} 1-0

[Event "Junior Online 4NCL Division 1"]
[Site "online"]
[Date "2021.03.18"]
[EventDate "2021.03.18"]
[Round "5.146"]
[White "Carey, Alex"]
[WhiteElo "1517"]
[WhiteTeam "Stroud Cubs"]
[Black "Mann, Lev"]
[BlackElo "1558"]
[BlackTeam "KJCA Young Kestrels D"]
[Result "1/2-1/2"]
[PlyCount "147"]

1. e4 e5 2. Nf3 Nf6 3. Nc3 Bb4 4. Nxe5 d6 5. Nf3 Bxc3 6. dxc3 Nxe4 7. Bd3 Nf6 8. O-O O-O 9. h3 h6 10. Bf4 Nc6 11. Qd2 Ne7 12. Rfe1 Be6 13. Nd4 Qd7 14. Nxe6 fxe6 15. Re2 e5 16. Rae1 Nf5 17. Bh2 Kh8 18. f4 exf4 19. Bxf4 Nh5 20. Bh2 Nfg3 21. Bxg3 Nxg3 22. Re7 Qc6 23. Qe3 Nh5 24. Qd4 Rf4 25. Qe3 Raf8 26. Re8 Rf7 27. Bg6 Nf4 28. Qg3 Nxg6 29. Qxg6 Rf2 30. Rxf8+ Rxf8 31. Re7 Qc5+ 32. Kh2 Rg8 33. Qf7 Qb6 34. Rxc7 Qxb2 35. Rxb7 Qxc3 36. Rxa7 Qxc2 37. a4 Qe2 38. a5 Qe5+ 39. Kg1 Qe1+ 40. Qf1 Qe3+ 41. Qf2 Qc1+ 42. Kh2 Qg5 43. a6 Qe5+ 44. Qg3 Qxg3+ 45. Kxg3 d5 46. Rd7 Ra8 47. a7 d4 48. Rb7 Kh7 49. Kf3 Kg6 50. Ke4 Kf6 51. Kxd4 Ke6 52. Rxg7 Rd8+ 53. Ke4 Kf6 54. Rb7 Ra8 55. Kf4 Kg6 56. g4 h5 57. gxh5+ Kxh5 58. Kg3 Kg5 59. h4+ Kh5 60. Rh7+ Kg6 61. Rd7 Kh5 62. Rb7 Kh6 63. Kg4 Kg6 64. h5+ Kh6 65. Kh4 Rxa7 66. Rb6+ Kh7 67. Kg5 Rg7+ 68. Kh4 Ra7 69. h6 Rf7 70. Kg5 Re7 71. Rf6 Re5+ 72. Kf4 Rh5 73. Rf8 Rxh6 74. Ra8 {[W: 0:00:13; B: 0:01:04]} 1/2-1/2

[Event "Junior Online 4NCL Division 1"]
[Site "online"]
[Date "2021.03.18"]
[EventDate "2021.03.18"]
[Round "5.147"]
[White "Heard, Tom"]
[WhiteElo "1453"]
[WhiteTeam "KJCA Young Kestrels D"]
[Black "Edwards, Jacob"]
[BlackElo "1420"]
[BlackTeam "Stroud Cubs"]
[Result "0-1"]
[PlyCount "92"]

1. e4 d5 2. exd5 Nf6 3. Nf3 Nxd5 4. Bc4 Bf5 5. O-O e6 6. Nc3 c5 7. Re1 Be7 8. Qe2 Nc6 9. Ne5 Nd4 10. Qd1 Nxc2 11. Bb5+ Kf8 12. g4 Nxe1 13. gxf5 Nxc3 14. bxc3 a6 15. Bf1 f6 16. Qxe1 fxe5 17. Qxe5 exf5 18. Qxf5+ Ke8 19. Bc4 Bf6 20. Ba3 b6 21. Re1+ Kf8 22. d4 g6 23. Qf3 Kg7 24. Qb7+ Kh6 25. Bc1+ Bg5 26. f4 Bh4 27. Be2 Bxe1 28. f5+ g5 29. Qf3 Bh4 30. Qh5+ Kg7 31. Bc4 Rf8 32. Be6 cxd4 33. Bb2 d3 34. c4+ Rf6 35. Qf7+ Kh6 36. Bxf6 Qf8 37. Qd7 Qxf6 38. Qxd3 Rd8 39. Qe2 Qd4+ 40. Kg2 Qd2 41. Kf3 Qxe2+ 42. Kxe2 Re8 43. Kf3 Kg7 44. Kg4 Kf6 45. Bd5 Re5 46. c5 Rxd5 {[W: 0:00:11; B: 0:02:42]} 0-1

[Event "Junior Online 4NCL Division 1"]
[Site "online"]
[Date "2021.03.18"]
[EventDate "2021.03.18"]
[Round "5.148"]
[White "Sarpotdar, Angad"]
[WhiteElo "1448"]
[WhiteTeam "Stroud Cubs"]
[Black "Shkuratovskyi, Artemiy"]
[BlackElo "1455"]
[BlackTeam "KJCA Young Kestrels D"]
[Result "1-0"]
[PlyCount "67"]

1. Nf3 d5 2. d3 Bg4 3. Nbd2 c5 4. g3 Nc6 5. Bg2 Bxf3 6. Nxf3 e6 7. O-O Nf6 8. Bg5 h6 9. Bxf6 Qxf6 10. e4 dxe4 11. dxe4 Be7 12. e5 Nxe5 13. Nxe5 Qxe5 14. Bxb7 Rb8 15. Bc6+ Kf8 16. b3 g6 17. Qf3 Kg7 18. Rad1 Rbd8 19. c4 Qc7 20. Be4 Bf6 21. h4 Rd6 22. Rxd6 Qxd6 23. Rd1 Bd4 24. h5 Rd8 25. Rd3 f5 26. hxg6 Kxg6 27. g4 fxe4 28. Qxe4+ Kf7 29. Rf3+ Ke8 30. Qg6+ Kd7 31. Rf7+ Kc6 32. Qe4+ Kb6 33. Qb7+ Ka5 34. Qb5# {[W: 0:04:51; B: 0:08:30]} 1-0

[Event "Junior Online 4NCL Division 1"]
[Site "online"]
[Date "2021.03.18"]
[EventDate "2021.03.18"]
[Round "5.151"]
[White "Walia, Michael Kanishk"]
[WhiteElo "1335"]
[WhiteTeam "Edgware Gambits B"]
[Black "Zakarian, Dimitrios Levon"]
[BlackElo "1783"]
[BlackTeam "Ojays B"]
[Result "0-1"]
[PlyCount "66"]

1. e4 c5 2. Nc3 a6 3. a4 e6 4. f4 Nc6 5. Nf3 d5 6. exd5 exd5 7. Be2 Nf6 8. O-O Bd6 9. d4 cxd4 10. Nxd4 Bc5 11. Be3 Qb6 12. a5 Qa7 13. Bf2 Bxd4 14. Bxd4 Qxd4+ 15. Qxd4 Nxd4 16. Bd3 O-O 17. Ra4 Nc6 18. Rd1 Bg4 19. Rd2 Rfe8 20. f5 d4 21. Ne2 Bxe2 22. Bxe2 Ne4 23. Rd3 Nc5 24. Rda3 Nxa4 25. Rxa4 Rxe2 26. Ra1 Rae8 27. Rf1 Rxc2 28. h3 Ree2 29. Rd1 Rxg2+ 30. Kh1 Rh2+ 31. Kg1 Rcg2+ 32. Kf1 Rh1+ 33. Kxg2 Rxd1 {[W: 0:06:22; B: 0:06:00]} 0-1

[Event "Junior Online 4NCL Division 1"]
[Site "online"]
[Date "2021.03.18"]
[EventDate "2021.03.18"]
[Round "5.152"]
[White "Murawski, Pawel"]
[WhiteElo "1687"]
[WhiteTeam "Ojays B"]
[Black "Barbier-Ramaiah, Riya Aude"]
[BlackElo "1327"]
[BlackTeam "Edgware Gambits B"]
[Result "1-0"]
[PlyCount "71"]

1. d4 d5 2. c4 e6 3. Nc3 Nf6 4. Bg5 Nbd7 5. e3 Be7 6. Nf3 c6 7. Rc1 O-O 8. Bd3 h6 9. Bh4 Nh7 10. Bg3 Ng5 11. Nxg5 Bxg5 12. O-O Qf6 13. c5 b6 14. cxb6 axb6 15. a3 c5 16. Nb5 Ba6 17. Nc7 Ra7 18. Nxa6 Rfa8 19. dxc5 Rxa6 20. Bxa6 Rxa6 21. c6 Nc5 22. c7 Ra8 23. b4 Rc8 24. bxc5 e5 25. cxb6 Qxb6 26. Bxe5 Bd8 27. Qxd5 Bxc7 28. Bxc7 Rxc7 29. Qd8+ Kh7 30. Qxc7 Qe6 31. Qc2+ g6 32. Qc3 Qe7 33. Rb1 Qe5 34. Qxe5 h5 35. Rb8 Kh6 36. Rh8# {[W: 0:08:06; B: 0:00:14]} 1-0

[Event "Junior Online 4NCL Division 1"]
[Site "online"]
[Date "2021.03.18"]
[EventDate "2021.03.18"]
[Round "5.153"]
[White "Joshi, Aarav"]
[WhiteElo "1323"]
[WhiteTeam "Edgware Gambits B"]
[Black "Turner, Ben"]
[BlackElo "1607"]
[BlackTeam "Ojays B"]
[Result "1-0"]
[PlyCount "105"]

1. e4 c5 2. Nc3 d6 3. f4 Nc6 4. Nf3 Bg4 5. Bb5 e6 6. O-O a6 7. Bxc6+ bxc6 8. Qe1 d5 9. h3 Bxf3 10. Rxf3 Be7 11. d3 Nf6 12. Qg3 Nh5 13. Qg4 g6 14. Rf1 O-O 15. b3 Bf6 16. e5 Bh8 17. Ne2 Ng7 18. Be3 d4 19. Bf2 Nf5 20. Ng3 Nxg3 21. Bxg3 a5 22. Bh4 Qc7 23. Qg5 Bg7 24. Qe7 Qxe7 25. Bxe7 Rfb8 26. Bxc5 a4 27. Bxd4 axb3 28. axb3 Bf8 29. Rxa8 Rxa8 30. Ra1 Rxa1+ 31. Bxa1 Bh6 32. g3 g5 33. fxg5 Bxg5 34. Kf2 Kg7 35. Kf3 Kg6 36. h4 Be7 37. Bd4 c5 38. Be3 Kf5 39. g4+ Kxe5 40. h5 f5 41. c3 Kd5 42. Kf4 Bd6+ 43. Kg5 h6+ 44. Kxh6 fxg4 45. Kg5 g3 46. h6 g2 47. h7 Be5 48. d4 cxd4 49. cxd4 Bh8 50. Kf4 Bxd4 51. Bxd4 Kxd4 52. h8=Q+ Kd3 53. Qh3+ {[W: 0:02:24; B: 0:01:27]} 1-0

[Event "Junior Online 4NCL Division 1"]
[Site "online"]
[Date "2021.03.18"]
[EventDate "2021.03.18"]
[Round "5.154"]
[White "Hertog, Alexander"]
[WhiteElo "1593"]
[WhiteTeam "Ojays B"]
[Black "Shah, Rahul"]
[BlackElo "1302"]
[BlackTeam "Edgware Gambits B"]
[Result "1-0"]
[PlyCount "99"]

1. c4 e5 2. f4 d6 3. Nf3 Nc6 4. d3 Nf6 5. e4 Be7 6. Nc3 O-O 7. Be2 Bd7 8. O-O a6 9. b3 Rb8 10. Bb2 b5 11. Nd5 exf4 12. Rb1 bxc4 13. bxc4 Na5 14. Qd2 Nb7 15. Nxe7+ Qxe7 16. Qxf4 Nc5 17. Bd4 Ne6 18. Bxf6 Qxf6 19. Qxf6 gxf6 20. d4 Nf4 21. Kf2 Nxe2 22. Kxe2 Be6 23. d5 Bg4 24. h3 Bh5 25. g4 Bg6 26. Ke3 Rxb1 27. Rxb1 Re8 28. Nd2 Kg7 29. Rb7 Re7 30. Ra7 h5 31. Rxa6 hxg4 32. hxg4 Kh6 33. Kf4 Kg7 34. Ra7 Kh6 35. a4 Kg7 36. a5 Kf8 37. Rb7 Ke8 38. a6 Kd7 39. a7 Re8 40. Rb8 Rxb8 41. axb8=Q Ke7 42. Qxc7+ Kf8 43. Qxd6+ Kg7 44. e5 fxe5+ 45. Qxe5+ Kh6 46. g5+ Kh7 47. d6 Kg8 48. d7 f5 49. d8=Q+ Kh7 50. Qdh8# {[W: 0:02:02; B: 0:00:54]} 1-0